| 000 | 02446cam a22004574i 4500 | ||
|---|---|---|---|
| 003 | PE-LiUPU | ||
| 005 | 20250731172858.0 | ||
| 008 | 150623s2012 miu r 000 0 spa d | ||
| 020 | _a0310494745 | ||
| 020 | _a9780310494744 | ||
| 035 | _a(Sirsi) a165803 | ||
| 040 |
_aPE-LiUPU _bspa _cPE-LiUPU _erda |
||
| 049 | _aPRUA | ||
| 082 | 0 | 4 |
_a225.61 _bG79 _223 |
| 100 | 1 |
_aGundry, Robert H. _qRobert Horton, _d1932-, _eautor. |
|
| 245 | 1 | 2 |
_aA survey of the New Testament / _cRobert H. Gundry. |
| 250 | _aQuinta edición | ||
| 264 | 1 |
_aGrand Rapids : _bZondervan, _c[2012] |
|
| 300 |
_a588 páginas : _bilustraciones ; _c24 centímetros. |
||
| 336 |
_atext _2rdacontent |
||
| 337 |
_aunmediated _2rdamedia |
||
| 338 |
_avolume _2rdacarrier |
||
| 505 | 0 | _aPart I : Political, cultural, and religious antecedents. Intertestamental and New Testament historical background -- The mundane settings of the New Testament -- The religious and philosophical settings of the New Testament -- -- Part II : Literary and historical materials. The canon and text of the New Testament -- The study of Jesus' life -- An introductory overview of Jesus' public life and ministry -- -- Part III : The four canonical Gospels and Acts. Mark : an apology for the crucifixion of Jesus -- Matthew : handbook for a mixed church under persecution -- Luke : a promotion of Christianity in the Greco-Roman world at large -- John : believing in Jesus for eternal life -- Acts : a promotion of Christianity in the Greco-Roman world at large (continued from the Gospel of Luke) -- Part IV : The Letters. The early letters of Paul -- The major letters of Paul -- The prison letters of Paul -- The pastoral letters of Paul -- Hebrews : Jesus as priest -- The Catholic, or general, letters -- -- Part V : The Apocalypse. Revelation : Jesus is coming! | |
| 526 | _aSEG42 | ||
| 526 | _aSEG41 | ||
| 526 | _aSEG40 | ||
| 526 | _aSEG39 | ||
| 526 | _aP94 | ||
| 526 | _aP87 | ||
| 526 | _aP86 | ||
| 526 | _aP85 | ||
| 526 | _aP77 | ||
| 526 | _aP76 | ||
| 526 | _aP35 | ||
| 650 | 0 | 4 |
_aBiblia. _pN.T. _pEvangelios _xComentarios. |
| 942 |
_2ddc _cBOOK |
||
| 994 |
_aC0 _bPEPRU |
||
| 596 | _a1 | ||
| 999 |
_a225.61 G79 _wLC _c14552 _i75166 _d14552 _e2018-9-4 _f2021-11-9 _g5 _lCCODEBUL1 _mBUL _n3 _p25.00 _q3 _r0 _sY _tBOOK _u2017-1-3 _xTEOLOGIA _PP85 _o.STAFF. Colección TEeología |
||
| 980 |
_81 _gALBERTO SANCHEZ Responsable de Automatización |
||